Effectif Olympique de Marseille (2025-2026) - Statistiques

Statistiques générales
  • Ce quiz a été pris 108 fois
  • Le résultat moyen est 22 sur 32
Statistiques - réponses
Numéro Poste Nationalité Nom % Correct
1 G Argentine Geronimo Rulli
99%
5 DC Argentine Leonardo Balerdi
98%
28 DD France Benjamin Pavard
93%
- Coach Sénégal Habib Beye
93%
10 AD Angleterre Mason Greenwood
92%
9 BU Algérie Amine Gouiri
90%
12 G Pays-Bas Jeffrey de Lange
90%
17 BU Gabon Pierre-Emerick Aubameyang
90%
21 DC Maroc Nayef Aguerd
89%
33 DG Italie Emerson
87%
14 AG Brésil Igor Paixao
85%
22 AD Etats-Unis Tim Weah
85%
19 MC République Centrafricaine Geoffrey Kondogbia
84%
32 DG Argentine Facundo Medina
82%
77 DC France Rayan Ouro Bang Na
81%
4 DC Angleterre CJ Egan-Riley
80%
26 MC Maroc Bilal Nadir
79%
27 MC Pays-Bas Quinten Timber
78%
11 MOC Angleterre Ethan Nwaneri
75%
18 MDC Belgique Arthur Vermeeren
74%
8 MC Algérie Himad Abdelli
70%
20 AG Côte d'Ivoire Hamed Traoré
69%
23 MDC Danemark Pierre-Emile Hojbjerg
69%
6 MDC Nigeria Tochukwu Nnadi
56%
92 G France Theo Vermot
49%
40 G Belgique Jelle Van Neck
39%
76 AG France Tadjidine Mmadi
37%
78 BU Côte d'Ivoire Ange Lago
20%
45 MOC Algérie Yanis Sellami
10%
70 DG Tunisie Anis Doubal
9%
68 DD France Mathis Clement
4%
35 DC France Pladi N'Zinga Pambani
3%
Aucun quiz correspondant
Distribution des résultats
% des personnes avec chaque résultat
Percentile par nombre de réponses
Votre historique - résultats
Vous n’avez pas pris ce quiz